000 01876nam a2200265 4500
005 20240129094542.0
008 210316s1930 fr ||||fr|||| 00| 0 fre d
040 _aCO-BoUCM
_bspa
_cSandra Yazo
_dSandra Yazo
041 0 _afre
082 0 4 _220
_a340.1
092 _aE52N153
100 1 _a Picard, Edmond‏.
_d(1836 - 1924)
_9179805
242 0 3 _aEl Derecho puro
_cEdmundo Picard
_yspa
245 1 3 _aLe Droit pur
_cEdmond Picard.
260 _aParís (Francia)
_bErnest Flammarion ; Imprimerie E. Grevin [Ernesto Flammarion ; Imprenta de E. Grevin]
_c1930
300 _a401 páginas
_c18 x 11 cm.
500 _aDetalles físicos: Sin encuadernación original, actualmente encuadernación rígida (holandesa) en cartón forrado en papel jaspeado. Lomo de tela, con letras y líneas en dorado. Guardas. Hoja de cortesía. Anteportada. Portada impresa en una sola tinta, con marca tipográfica del editor: anagrama del editor (E F). Texto impreso en una sola columna, con diferentes tipos y tamaños de letra. Sumario al inicio de cada capítulo. Índice. Notas al pie de página. Índice final. Papel manchado por oxidación. Residuos de cinta pegante.
505 2 _aIntroducción: Nociones generales sobre el Derecho puro o Enciclopedia del Derecho ; Libro 1 - 11: Características del Derecho -- El fenómeno jurídico -- Anatomía de un Derecho ; Elementos esenciales -- Las clasificaciones en Derecho -- La dinámica de los derechos particulares ; Su funcionamiento -- Funcionamiento del Derecho en su conjunto orgánico ; Dinámica de la juridicidad -- Evolución del Derecho ; Dinámica de la juridicidad a lo largo del tiempo
506 _aConsulta en sala
546 _aTexto en francés
650 7 _985008
_aDerecho
_xTeoría
650 7 _97494
_aDerecho
_xFundamentos
690 _aTeoría del derecho
_925308
942 _2LOCAL
_cLIBRO
_e1
_hE52N153
999 _c323809
_d323809